Catálogo

Temas introductorios al estudio de relaciones internacionales / (Registro nro. 5091)

Detalles MARC
000 -LEADER
fixed length control field 00833nam a2200229 a 4500
001 - CONTROL NUMBER
control field 5091
003 - CONTROL NUMBER IDENTIFIER
control field Mx-PuUPA
005 - DATE AND TIME OF LATEST TRANSACTION
control field 20250919080628.0
008 - FIXED-LENGTH DATA ELEMENTS--GENERAL INFORMATION
fixed length control field 140415s2013 mx a gr 000 0 spa d
020 ## - INTERNATIONAL STANDARD BOOK NUMBER
International Standard Book Number 9786070249228
040 ## - CATALOGING SOURCE
Transcribing agency Mx-PuUPA
041 0# - LANGUAGE CODE
Language code of text/sound track or separate title spa
082 ## - DEWEY DECIMAL CLASSIFICATION NUMBER
Classification number 344.0172
Item number CUE
100 1# - MAIN ENTRY--PERSONAL NAME
Personal name Cueva, Mario de la,
Dates associated with a name 1901-1981
9 (RLIN) 4010
245 13 - TITLE STATEMENT
Title Temas introductorios al estudio de relaciones internacionales /
Statement of responsibility, etc. Ileana Cid Capetillo, coordinadora
250 ## - EDITION STATEMENT
Edition statement Primera edición /
Remainder of edition statement noviembre
264 #1 - PRODUCTION, PUBLICATION, DISTRIBUTION, MANUFACTURE, AND COPYRIGHT NOTICE
Place of production, publication, distribution, manufacture México, D.F. :
Name of producer, publisher, distributor, manufacturer Facultad de Ciencias Políticas y Sociales, UNAM,
Date of production, publication, distribution, manufacture, or copyright notice 2013
300 ## - PHYSICAL DESCRIPTION
Extent 195 páginas :
Other physical details ilustraciones ;
Dimensions 23 cm
700 1# - ADDED ENTRY--PERSONAL NAME
Personal name Cid Capetillo, Ileana,
Relator term coordinadora
9 (RLIN) 15486
942 ## - ADDED ENTRY ELEMENTS (KOHA)
Source of classification or shelving scheme Dewey Decimal Classification
Koha item type Libro
Classification part xx
Item part xx
Existencias
Withdrawn status Lost status Source of classification or shelving scheme Damaged status Not for loan Collection code Home library Current library Shelving location Date acquired Source of acquisition Total Checkouts Full call number Barcode Price effective from Koha item type
    Dewey Decimal Classification   En catalogación General Biblioteca Karol Wojtyla Biblioteca Karol Wojtyla Procesos técnicos 03/12/2013 Donación   xx 48053 03/12/2013 Libro